Segmenting medical market based on banking expectations: evidence from Iran

Identifikácia očakávaní bánk prevedená kvalitatívnou analýzou. Priority v očakávaniach bánk medzi zdravotníckymi spolkami. Klastrová segmentácia zdravotníckych spolkov.

Uložené v:
Podrobná bibliografia
Hlavný autor: Azizi, Shahriar
Ďalší autori: Hosseinabadi, Vahid
Médium: Kapitola
Jazyk:English
Predmet:
Tagy: Pridať tag
Žiadne tagy, Buďte prvý, kto otaguje tento záznam!

MARC

LEADER 00000nla a2200000 4500
001 0215991
005 20240417075106.6
041 0 |a eng 
044 |a CZ 
245 1 0 |a Segmenting medical market based on banking expectations: evidence from Iran  |c Shahriar Azizi, Vahid Hosseinabadi 
520 |a Identifikácia očakávaní bánk prevedená kvalitatívnou analýzou. Priority v očakávaniach bánk medzi zdravotníckymi spolkami. Klastrová segmentácia zdravotníckych spolkov. 
610 2 0 |a banky 
610 2 0 |a Irán 
610 2 0 |a cechy 
610 2 0 |a starostlivosť zdravotná 
610 2 0 |a segmentácia 
100 1 |a Azizi, Shahriar 
700 1 |a Hosseinabadi, Vahid